000 00837nam a2200241 a 4500
001 BRCA_1087
005 20190320203255.0
008 930426s1990 mx-a---##b---#000-0#spa-#
020 _a9683615600
040 _aDLC
_cDLC
050 4 _aNA5060
_b.S26 1990
100 1 _aSánchez Lara, Rosa Ma.
_93578
245 1 0 _aLos retablos populares
_bexvotos pintados
_cRosa María Sánchez Lara
260 _aMéxico
_bUNAM, Instituto de Investigaciones Estéticas
_c1990
300 _a85 p.
_bil. (algunas a color)
_c23 cm.
440 0 _aMonografías de arte
_n18
_93579
500 _aUn proyecto del instituto
504 _aBibliografía: p. 80-85
650 1 4 _aExvotos en arte
_93580
650 1 4 _aRetablos mexicanos
_93581
710 2 _aUniversidad Nacional Autónoma de México
_bInstituto de Investigaciones Estéticas
_93582
942 _2lcc
_cB
999 _c966
_d966